[Event "12. Lichtenberger Sommer"]
[Site "Berlin"]
[Date "2013.08.23"]
[Round "7.26"]
[White "Witte, Ronald"]
[Black "Stark, Ingo"]
[Result "1/2-1/2"]
[WhiteElo "2040"]
[BlackElo "2134"]
[PlyCount "95"]
[EventDate "2013.??.??"]
[WhiteTeam "BSV 63 Chemie Weißensee"]
[BlackTeam "TSG Oberschöneweide e.V."]

1. d4 Nf6 2. c4 e6 3. Nc3 c5 4. d5 exd5 5. cxd5 Bd6 6. e4 Qe7 7. Bd3 O-O 8. Nf3
Bc7 9. O-O d6 10. h3 a6 11. a4 Nbd7 12. Bf4 Re8 13. Re1 Ba5 14. Qc2 Nh5 15. Bh2
Qf6 16. e5 Nxe5 17. Nxe5 dxe5 18. Bxh7+ Kh8 19. Be4 Nf4 20. Re3 Bd7 21. Bf3 Qg5
22. Bxf4 exf4 23. Rxe8+ Rxe8 24. Ne4 Qg6 25. Qxc5 Bf5 26. Qxa5 Bxe4 27. Bxe4
Qxe4 28. d6 Qd4 29. Re1 Rxe1+ 30. Qxe1 Qxd6 31. Qe8+ Kh7 32. Qxf7 Qd1+ 33. Kh2
Qxa4 34. Qxb7 Qd4 35. Qxa6 f3 36. Qf1 fxg2 37. Qxg2 Qxb2 38. Qe4+ Kg8 39. Kg3
Qb8+ 40. f4 Qb2 41. f5 Qc3+ 42. Kg4 Qd2 43. Qe8+ Kh7 44. Qg6+ Kh8 45. Qh5+ Kg8
46. Qe8+ Kh7 47. Qh5+ Kg8 48. Qe8+ 1/2-1/2

[Event "12. Lichtenberger Sommer"]
[Site "Berlin"]
[Date "2013.08.23"]
[Round "7.30"]
[White "Schabe, Felix"]
[Black "Püschel, Werner"]
[Result "0-1"]
[WhiteElo "1746"]
[BlackElo "2106"]
[PlyCount "126"]
[EventDate "2013.??.??"]
[WhiteTeam "SV Empor Berlin e.V."]
[BlackTeam "SG Lasker Steglitz-Wilmersdorf"]

1. e4 d6 2. d4 a6 3. f4 g6 4. Nf3 Bg7 5. c3 Nf6 6. Bd3 c5 7. d5 O-O 8. O-O Bg4
9. a4 Nbd7 10. c4 e6 11. Nc3 e5 12. h3 Bxf3 13. Qxf3 exf4 14. Bxf4 Qb6 15. a5
Qc7 16. Rf2 Nh5 17. Rff1 Nxf4 18. Qxf4 Ne5 19. Qe3 Nxc4 20. Qe2 Ne5 21. Bc2 b6
22. axb6 Qxb6 23. Ra3 c4+ 24. Kh2 Qxb2 25. Rfa1 Rfc8 26. Nd1 Qb6 27. Qe3 Rc5
28. Nc3 Qc7 29. Rxa6 Rxa6 30. Rxa6 h5 31. Ra8+ Kh7 32. Ne2 Qe7 33. Ng3 Qh4 34.
Kg1 Bh6 35. Qf2 Bf4 36. Ne2 Qxf2+ 37. Kxf2 Bh6 38. Rd8 Nd3+ 39. Kf1 Nb4 40. Ba4
c3 41. Rb8 Rc4 42. Bb3 Rxe4 43. Nxc3 Rf4+ 44. Ke2 Na6 45. Rb6 Nc5 46. Ba2 Bg7
47. Ke3 Rh4 48. Ne2 Ra4 49. Bb1 Ra3+ 50. Kf2 Be5 51. Rb8 Kg7 52. Rb5 f5 53. Rb6
h4 54. Kf1 Kh6 55. Kf2 Kg5 56. Rb8 Nd3+ 57. Kf1 Ra1 58. Ng1 Nb2 59. Nf3+ Kf6
60. Nd2 Nd1 61. Rb3 Nc3 62. Kf2 Nxd5 63. Nf3 Bg3+ 0-1

[Event "12. Lichtenberger Sommer"]
[Site "Berlin"]
[Date "2013.08.23"]
[Round "7.32"]
[White "McGowan, Daniel"]
[Black "Kay, Jonathan"]
[Result "1-0"]
[WhiteElo "2116"]
[BlackElo "1953"]
[PlyCount "37"]
[EventDate "2013.??.??"]
[WhiteTeam "Sfrd. Berlin 1903 e.V."]
[BlackTeam "Athenaeum Chess Club London"]

1. e4 c6 2. d4 d5 3. e5 Bf5 4. Nf3 e6 5. Be2 Nd7 6. O-O Ne7 7. Nbd2 Ng6 8. Nb3
f6 9. Ne1 fxe5 10. g4 e4 11. gxf5 Bd6 12. fxg6 Bxh2+ 13. Kg2 hxg6 14. Rh1 Qh4
15. Kf1 Nf6 16. Ng2 Qh3 17. Bf4 e3 18. Rxh2 Ne4 19. Rxh3 1-0

[Event "12. Lichtenberger Sommer"]
[Site "Berlin"]
[Date "2013.08.23"]
[Round "7.33"]
[White "Khorolskyi, Borys"]
[Black "Schmidt, Jürgen"]
[Result "1-0"]
[WhiteElo "2100"]
[BlackElo "2024"]
[PlyCount "79"]
[EventDate "2013.??.??"]
[WhiteTeam "vereinslos"]
[BlackTeam "SC Kreuzberg e.V."]

1. Nf3 d5 2. g3 Nf6 3. Bg2 Bf5 4. O-O e6 5. c4 Nbd7 6. cxd5 exd5 7. Nd4 Bxb1 8.
Rxb1 Bc5 9. Nf5 O-O 10. d4 Bb6 11. b4 Ne4 12. Qd3 Ndf6 13. Bf4 Qd7 14. Bh3 Kh8
15. Kg2 Qa4 16. f3 Nd6 17. Nxd6 cxd6 18. a3 Bc7 19. Rfc1 Ne8 20. Rc3 Rd8 21.
Rbc1 Bb6 22. e3 a6 23. Bc8 Nc7 24. Bxb7 Nb5 25. Bc6 f5 26. Qc2 Qxc2+ 27. R3xc2
Na7 28. Bxd5 a5 29. Bb7 h6 30. h4 Rg8 31. h5 g5 32. hxg6 Rxg6 33. Rh1 Kg7 34.
Kf2 Rb8 35. Bd5 Nb5 36. bxa5 Bxa5 37. Rb2 Rb6 38. Rhb1 Nc7 39. Rxb6 Bxb6 40.
Bc6 1-0

[Event "12. Lichtenberger Sommer"]
[Site "Berlin"]
[Date "2013.08.23"]
[Round "7.34"]
[White "Mohrmann, Ralf"]
[Black "Bertram, Johannes"]
[Result "1/2-1/2"]
[WhiteElo "1996"]
[BlackElo "1971"]
[PlyCount "60"]
[EventDate "2013.??.??"]
[WhiteTeam "SC Weisse Dame e.V."]
[BlackTeam "Europchess"]

1. Nf3 d6 2. d4 Bg4 3. g3 Bxf3 4. exf3 Nd7 5. Bg2 c6 6. O-O g6 7. c4 Bg7 8. Nc3
Qb6 9. Ne2 Rd8 10. Rb1 Qa6 11. Qc2 c5 12. Be3 e6 13. dxc5 dxc5 14. b3 Ne7 15.
g4 Nc6 16. f4 O-O 17. a4 Nd4 18. Qa2 Nb8 19. b4 b6 20. bxc5 bxc5 21. Ng3 Nbc6
22. Rb5 Nb4 23. Qb1 Nxb5 24. Bxc5 Qxa4 25. cxb5 Nd5 26. Bxf8 Bxf8 27. f5 Nf4
28. Bf3 Bc5 29. Ne4 Bb6 30. Qc1 Qxe4 1/2-1/2

[Event "12. Lichtenberger Sommer"]
[Site "Berlin"]
[Date "2013.08.23"]
[Round "7.35"]
[White "Heuser, Philip"]
[Black "Ciolek, Andreas"]
[Result "1/2-1/2"]
[WhiteElo "2123"]
[BlackElo "1888"]
[PlyCount "168"]
[EventDate "2013.??.??"]
[WhiteTeam "SG Heidelberg-Kirchheim"]
[BlackTeam "SK Singen"]

1. d4 Nf6 2. c4 g6 3. g3 Bg7 4. Bg2 O-O 5. Nc3 d6 6. Nf3 Nc6 7. O-O a6 8. Qd3
e5 9. dxe5 Nxe5 10. Nxe5 dxe5 11. Qxd8 Rxd8 12. Bg5 Re8 13. Nd5 Nxd5 14. cxd5
Bd7 15. Rac1 Rac8 16. Rc2 f6 17. Be3 Bf8 18. Rfc1 Bd6 19. Bc5 Kf7 20. Bxd6 cxd6
21. Rc7 Ke7 22. R1c3 Rxc7 23. Rxc7 Rb8 24. Bh3 f5 25. e4 Kd8 26. Rc3 fxe4 27.
Bg2 Bf5 28. Kf1 Rc8 29. Rxc8+ Kxc8 30. Ke2 Kc7 31. Ke3 Kb6 32. Bxe4 Bxe4 33.
Kxe4 Kc5 34. h3 Kc4 35. h4 a5 36. f4 exf4 37. gxf4 h5 38. b3+ Kc5 39. a3 b5 40.
a4 bxa4 41. bxa4 Kc4 42. f5 gxf5+ 43. Kxf5 Kxd5 44. Kg5 Kc4 45. Kxh5 d5 46. Kg6
d4 47. h5 d3 48. h6 d2 49. h7 d1=Q 50. h8=Q Qxa4 51. Qc8+ Kb3 52. Qh3+ Kb2 53.
Qh8+ Kc1 54. Qh6+ Kb1 55. Qh1+ Ka2 56. Qd5+ Ka3 57. Qd6+ Qb4 58. Qd3+ Ka2 59.
Qd5+ Kb2 60. Qe5+ Kb3 61. Qd5+ Kc3 62. Qe5+ Kc4 63. Qe4+ Kc5 64. Qe5+ Kc6 65.
Qe8+ Kc7 66. Qf7+ Kd6 67. Qf6+ Kd7 68. Qf5+ Kc7 69. Qe5+ Kb6 70. Qb8+ Kc6 71.
Qe8+ Kc7 72. Qe5+ Kb7 73. Qd5+ Ka7 74. Kf5 a4 75. Qd7+ Ka6 76. Qc6+ Ka5 77.
Qa8+ Kb5 78. Qb7+ Kc4 79. Qe4+ Kb3 80. Qb1+ Kc3 81. Qe1+ Kc4 82. Qe4+ Kb5 83.
Qb7+ Ka5 84. Qa7+ Kb5 1/2-1/2

[Event "12. Lichtenberger Sommer"]
[Site "Berlin"]
[Date "2013.08.23"]
[Round "7.36"]
[White "Sechting, Martin"]
[Black "Guzzetti, Luigi Enrico"]
[Result "1/2-1/2"]
[WhiteElo "2054"]
[BlackElo "1873"]
[PlyCount "89"]
[EventDate "2013.??.??"]
[WhiteTeam "SC Weisse Dame e.V."]
[BlackTeam "C.S. Scacco Matto Como"]

1. d4 Nf6 2. c4 g6 3. Nc3 Bg7 4. e4 d6 5. f4 c5 6. d5 O-O 7. Nf3 e6 8. dxe6
Bxe6 9. Be2 a6 10. Be3 Nc6 11. h3 Qa5 12. O-O Rfe8 13. Qxd6 Nd4 14. Nxd4 cxd4
15. Bxd4 Rad8 16. Bb6 Rxd6 17. Bxa5 Rd2 18. e5 Ne4 19. Bf3 Ng3 20. Rf2 Rd7 21.
Nd5 Rb8 22. Bb6 h5 23. Rd1 Kh8 24. Kh2 h4 25. b3 g5 26. Be3 Nf5 27. Bc1 b5 28.
fxg5 Bxe5+ 29. Bf4 Bxf4+ 30. Nxf4 Rxd1 31. Bxd1 bxc4 32. Nxe6 fxe6 33. bxc4 Rb1
34. Rd2 Rc1 35. Bg4 Ng3 36. Rd1 Rxc4 37. Bxe6 Re4 38. Bg4 Kg7 39. Kg1 Kg6 40.
Rd6+ Kxg5 41. Rxa6 Kf4 42. Rf6+ Kg5 43. Rf3 Re1+ 44. Kf2 Re2+ 45. Kg1 1/2-1/2

[Event "12. Lichtenberger Sommer"]
[Site "Berlin"]
[Date "2013.08.23"]
[Round "7.37"]
[White "Lassan, Christian"]
[Black "George, Tom"]
[Result "1-0"]
[WhiteElo "2102"]
[BlackElo "1901"]
[PlyCount "93"]
[EventDate "2013.??.??"]
[WhiteTeam "BSV 63 Chemie Weißensee"]
[BlackTeam "SG Blau-Weiß Stadtilm"]

1. e4 c5 2. Nf3 d6 3. c3 Nf6 4. Be2 g6 5. O-O Bg7 6. Bb5+ Bd7 7. Bxd7+ Qxd7 8.
Re1 Nc6 9. d4 O-O 10. Bg5 Rfd8 11. Nbd2 h6 12. Bxf6 Bxf6 13. Nb3 c4 14. Nbd2 b5
15. a4 a6 16. b3 cxb3 17. axb5 axb5 18. Qxb3 b4 19. Rxa8 Rxa8 20. d5 bxc3 21.
dxc6 Qxc6 22. Nc4 Ra4 23. e5 Rxc4 24. exf6 exf6 25. Qc2 d5 26. Rb1 Kg7 27. Ne1
Rd4 28. Rc1 Rc4 29. Qd3 f5 30. Nc2 Re4 31. Rd1 f4 32. f3 Qc5+ 33. Kf1 Re5 34.
Qd4 Qb5+ 35. Kg1 f6 36. Qxc3 Qe2 37. Re1 Qxc2 38. Qxc2 Rxe1+ 39. Kf2 Re5 40.
Qc7+ Kg8 41. Qd8+ Kg7 42. Qd7+ Kg8 43. Qg4 g5 44. h4 Kf7 45. Qd7+ Kg8 46. h5
Kh8 47. Qf7 1-0

[Event "12. Lichtenberger Sommer"]
[Site "Berlin"]
[Date "2013.08.23"]
[Round "7.38"]
[White "Burger, Heinrich"]
[Black "Sappok, Marius"]
[Result "0-1"]
[WhiteElo "2120"]
[BlackElo "1971"]
[PlyCount "66"]
[EventDate "2013.??.??"]
[WhiteTeam "VfB Hermsdorf e.V."]
[BlackTeam "SC Zugzwang 95 e.V."]

1. d4 Nf6 2. Nf3 g6 3. c4 Bg7 4. g3 O-O 5. Bg2 d5 6. cxd5 Nxd5 7. e4 Nb6 8. O-O
Bg4 9. d5 Qd7 10. Nc3 c6 11. Qb3 cxd5 12. Nxd5 Nxd5 13. exd5 Na6 14. Be3 b6 15.
Qa3 Nc5 16. Rac1 Rac8 17. Nd4 Bxd4 18. Bxd4 Be2 19. Qe3 Bxf1 20. Rxf1 f6 21.
Re1 Rfe8 22. b4 Nb7 23. g4 Nd6 24. Kh1 Rc4 25. Bh3 Rxb4 26. Qd3 Qb5 27. Qxb5
Rxb5 28. g5 f5 29. Bg2 Kf7 30. h4 Rb4 31. Rd1 Rc8 32. f3 Rcc4 33. Bf2 Rc2 0-1

[Event "12. Lichtenberger Sommer"]
[Site "Berlin"]
[Date "2013.08.23"]
[Round "7.39"]
[White "Giannino, Domenico"]
[Black "Heerde, Thomas"]
[Result "0-1"]
[WhiteElo "1989"]
[BlackElo "2011"]
[PlyCount "96"]
[EventDate "2013.??.??"]
[WhiteTeam "Spgem Kötz/Ichenhausen"]
[BlackTeam "SC Weisse Dame e.V."]

1. e4 d5 2. exd5 Qxd5 3. Nc3 Qa5 4. d4 c6 5. Bc4 Bf5 6. Nf3 e6 7. O-O Nd7 8.
Bf4 Ngf6 9. Qe2 Be7 10. a3 Bg4 11. h3 Qf5 12. Qe3 Bxf3 13. Bd3 Qh5 14. Qxf3
Qxf3 15. gxf3 O-O-O 16. Ne4 Nb6 17. Be3 h6 18. Rfd1 g5 19. f4 Nfd5 20. fxg5
hxg5 21. Bf1 Rh4 22. Ng3 Rg8 23. c4 Nf4 24. Rac1 Kb8 25. Bg2 Nxh3+ 26. Bxh3
Rxh3 27. d5 cxd5 28. Bxb6 axb6 29. cxd5 exd5 30. Rxd5 Rd8 31. Rf5 f6 32. Re1
Bc5 33. Kg2 Rh6 34. Re6 Bd4 35. Ne4 Bxb2 36. Rxb6 Bd4 37. Re6 Kc7 38. Re7+ Kb8
39. Re6 Kc7 40. Re7+ Kc8 41. Nc5 Be5 42. Nxb7 Rd1 43. Kf3 Re1 44. Na5 Rh3+ 45.
Kg2 g4 46. f4 Re2+ 47. Kf1 Rc2 48. Re8+ Kd7 0-1

[Event "12. Lichtenberger Sommer"]
[Site "Berlin"]
[Date "2013.08.23"]
[Round "7.41"]
[White "Richter, Götz"]
[Black "Schleich, Theodor"]
[Result "1/2-1/2"]
[WhiteElo "2003"]
[BlackElo "2051"]
[PlyCount "135"]
[EventDate "2013.??.??"]
[WhiteTeam "Klub Kölner Schachfreunde e.V. 1"]
[BlackTeam "SK Siemens München"]

1. e4 c5 2. Nf3 e6 3. d4 cxd4 4. Nxd4 Nf6 5. Bd3 Nc6 6. Nxc6 dxc6 7. O-O e5 8.
Qe2 Qc7 9. b3 Bd6 10. Nd2 O-O 11. Nc4 Bc5 12. Bg5 Ng4 13. h3 h6 14. Bd2 Nf6 15.
b4 Be7 16. Ne3 Rd8 17. Nf5 Bxf5 18. exf5 e4 19. Bc4 Qe5 20. f4 Qxf5 21. g4 Qd7
22. Rf2 Nd5 23. Qxe4 Bf6 24. Raf1 Re8 25. Qd3 Nb6 26. Qxd7 Nxd7 27. Kg2 Nb6 28.
Bd3 Nd5 29. Kf3 Bd4 30. Re2 Rxe2 31. Bxe2 Re8 32. Bc4 Bc3 33. Bxd5 Bxd2 34. Be4
Bxb4 35. Rb1 a5 36. c3 Bxc3 37. Rxb7 Rc8 38. Bd3 Rd8 39. Bc4 Rd4 40. Rb8+ Kh7
41. Bxf7 Rd7 42. Be6 Rc7 43. Bg8+ Kg6 44. Rf8 Bf6 45. Kg3 h5 46. g5 Be7 47. Re8
Kf5 48. Bh7+ Ke6 49. Bg6 c5 50. Ra8 c4 51. Rxa5 c3 52. Re5+ Kd7 53. Bc2 Rb7 54.
Re2 Rb2 55. Bf5+ Ke8 56. Rxb2 cxb2 57. Kh4 Bd6 58. Kxh5 Bxf4 59. a4 Bd2 60. Bb1
Kf7 61. Ba2+ Ke7 62. Kg6 Bc3 63. h4 Kd6 64. Kf5 Kc5 65. Ke4 Kb4 66. Kd3 Be1 67.
h5 Bh4 68. h6 1/2-1/2

[Event "12. Lichtenberger Sommer"]
[Site "Berlin"]
[Date "2013.08.23"]
[Round "7.42"]
[White "Fiedler, Wolfgang"]
[Black "Strobel, Norbert"]
[Result "0-1"]
[WhiteElo "2012"]
[BlackElo "2048"]
[PlyCount "120"]
[EventDate "2013.??.??"]
[WhiteTeam "SV Berolina Mitte e.V."]
[BlackTeam "SV Koblenz 03/25"]

1. c4 g6 2. d4 Bg7 3. Nc3 d6 4. e4 a6 5. Be2 Nc6 6. Be3 Bd7 7. Qd2 e5 8. Nf3
exd4 9. Nxd4 h6 10. Rd1 b6 11. Bf3 Ne5 12. Be2 Ne7 13. O-O Ng4 14. Bf4 Ne5 15.
Nd5 N7c6 16. Nxc6 Bxc6 17. Be3 Nd7 18. Bd4 O-O 19. Bxg7 Kxg7 20. Qd4+ f6 21.
Nc3 a5 22. f4 Qe8 23. Bg4 Nc5 24. Rfe1 Rd8 25. Re3 Qf7 26. Rf3 Kh7 27. f5 g5
28. Rh3 Qe7 29. Re1 Nd7 30. Bh5 Ne5 31. Ree3 Kg7 32. Rhg3 Bb7 33. Be2 Nc6 34.
Qd1 Qe5 35. Bh5 Qd4 36. Nd5 Qxd1+ 37. Bxd1 Rd7 38. Nf4 Nd8 39. Bh5 Rg8 40. Ne6+
Nxe6 41. fxe6 Re7 42. Bf7 Rh8 43. b3 Bc6 44. h4 Be8 45. hxg5 hxg5 46. Rh3 Rxh3
47. Rxh3 Bxf7 48. exf7 Rxf7 49. Kf2 Rf8 50. Rd3 Rh8 51. a4 Kf7 52. Kf3 Ke6 53.
Rd1 Rh4 54. g3 Rh2 55. Rd3 c6 56. Kg4 Ke5 57. Kf3 Rc2 58. Kg4 Re2 59. Kf3 Rxe4
60. Rxd6 g4+ 0-1

[Event "12. Lichtenberger Sommer"]
[Site "Berlin"]
[Date "2013.08.23"]
[Round "7.43"]
[White "Werner, Justus"]
[Black "Schäfer, Heiko"]
[Result "0-1"]
[WhiteElo "1737"]
[BlackElo "2020"]
[PlyCount "68"]
[EventDate "2013.??.??"]
[WhiteTeam "SG Blau-Weiß Stadtilm"]
[BlackTeam "Potsdamer SV Mitte e.V."]

1. c4 e6 2. g3 d5 3. Bg2 c6 4. cxd5 cxd5 5. Nf3 Nc6 6. O-O Nf6 7. d3 Bd6 8. b3
O-O 9. Bb2 e5 10. Nbd2 Bg4 11. Rc1 Qd7 12. Re1 Rfe8 13. a3 Bh3 14. e4 Bxg2 15.
Kxg2 d4 16. Nc4 Bf8 17. b4 b5 18. Ncd2 a5 19. bxa5 Nxa5 20. Nb3 Nxb3 21. Qxb3
Qe6 22. Qxe6 Rxe6 23. Rc2 h6 24. Rec1 Ree8 25. Ra1 Nd7 26. Ne1 Nc5 27. f4 f6
28. Kf2 Nb3 29. Rb1 Rec8 30. Rxc8 Rxc8 31. Ke2 exf4 32. gxf4 Bd6 33. f5 Bxh2
34. Kf1 Nd2+ 0-1

[Event "12. Lichtenberger Sommer"]
[Site "Berlin"]
[Date "2013.08.23"]
[Round "7.44"]
[White "Schräpel, Manfred"]
[Black "Becker, Jared"]
[Result "0-1"]
[WhiteElo "1903"]
[BlackElo "2038"]
[PlyCount "118"]
[EventDate "2013.??.??"]
[WhiteTeam "BSV 63 Chemie Weißensee"]
[BlackTeam "SC Tarrasch 45 München"]

1. d4 Nf6 2. Nf3 g6 3. Bf4 Bg7 4. c3 d6 5. e3 Nbd7 6. h3 O-O 7. Nbd2 Re8 8. Bc4
e5 9. dxe5 Nxe5 10. Bxe5 dxe5 11. Ng5 Rf8 12. Qb3 Qe7 13. e4 Nd7 14. Ngf3 Nc5
15. Qc2 Be6 16. Be2 f5 17. Bc4 Bxc4 18. Nxc4 Nxe4 19. O-O Nc5 20. b4 e4 21. Ne1
Qe6 22. Ne3 f4 23. Nd1 Nd7 24. Rb1 Nb6 25. Qb3 Qc4 26. Rc1 Rad8 27. Nc2 Rd3 28.
Na3 Qxb3 29. axb3 Nd5 30. Nb1 Nf6 31. Nb2 Rd5 32. Rfe1 Re8 33. Rcd1 c6 34. c4
Rxd1 35. Nxd1 Rd8 36. Nbc3 Rd3 37. Kf1 Kf7 38. b5 Ke6 39. bxc6 bxc6 40. Na4 Ke5
41. Nc5 Rd6 42. Nc3 Bf8 43. Na6 Kf5 44. Ke2 Rd3 45. Rc1 Nd7 46. b4 Bg7 47. Nd1
Ra3 48. b5 Ra2+ 49. Kf1 c5 50. Nc7 Bd4 51. Nd5 Ne5 52. g4+ fxg3 53. N1e3+ Bxe3
54. Nxe3+ Kg5 55. fxg3 Nf3 56. h4+ Kf6 57. Ng2 Ke5 58. g4 Kd4 59. g5 e3 0-1

[Event "12. Lichtenberger Sommer"]
[Site "Berlin"]
[Date "2013.08.23"]
[Round "7.45"]
[White "Poseck, Steffen"]
[Black "Hörmann, David"]
[Result "0-1"]
[WhiteElo "2044"]
[BlackElo "1907"]
[PlyCount "82"]
[EventDate "2013.??.??"]
[WhiteTeam "BSV 63 Chemie Weißensee"]
[BlackTeam "SC Weisse Dame e.V."]

1. e4 c5 2. Nf3 d6 3. d4 cxd4 4. Nxd4 Nf6 5. Nc3 a6 6. Bc4 e6 7. Bb3 Qc7 8. Qe2
Nc6 9. Be3 b5 10. Nxc6 Qxc6 11. Bd4 Be7 12. Nd5 Bb7 13. Nxe7 Kxe7 14. f3 Rac8
15. a4 Rhg8 16. O-O Nh5 17. axb5 axb5 18. g3 Ra8 19. Qe3 Nf6 20. Qg5 e5 21. Bf2
h6 22. Qe3 Rxa1 23. Rxa1 Ra8 24. Rc1 Ba6 25. c3 Kf8 26. Qb6 Qxb6 27. Bxb6 Ke7
28. Rd1 Bb7 29. Kf2 Bc8 30. Bc2 Ra2 31. Rb1 Be6 32. Bd3 Bc4 33. Ke3 Nd7 34. Bc7
Ra7 35. Bxd6+ Kxd6 36. Bxc4 bxc4 37. b3 Ra3 38. f4 Rxb3 39. Rd1+ Ke6 40. fxe5
Rxc3+ 41. Kd4 Rd3+ 0-1

[Event "12. Lichtenberger Sommer"]
[Site "Berlin"]
[Date "2013.08.23"]
[Round "7.46"]
[White "Sidabras, Ignas"]
[Black "Cvetanovic, Damjan"]
[Result "0-1"]
[WhiteElo "1690"]
[BlackElo "1937"]
[PlyCount "58"]
[EventDate "2013.??.??"]
[WhiteTeam "SC Kreuzberg e.V."]
[BlackTeam "Promocija Novi-Sad"]

1. d4 d5 2. Nf3 c5 3. c3 e6 4. g3 Nc6 5. Bg2 Bd6 6. O-O f5 7. Nbd2 cxd4 8. cxd4
Nf6 9. Nb3 b6 10. Bg5 O-O 11. Nc1 h6 12. Bd2 Ne4 13. Nd3 Qf6 14. Qa4 Nxd4 15.
Nxd4 Nxd2 16. Rfd1 Ne4 17. Qc6 Ba6 18. Bxe4 dxe4 19. Qxd6 exd3 20. exd3 e5 21.
Qd5+ Kh8 22. Nf3 Rae8 23. d4 exd4 24. Rxd4 Rd8 25. Qe5 Qxe5 26. Rxd8 Qe7 27.
Rd2 Rd8 28. Rad1 Rxd2 29. Rxd2 Bb7 0-1

[Event "12. Lichtenberger Sommer"]
[Site "Berlin"]
[Date "2013.08.23"]
[Round "7.47"]
[White "Rohde, Wolfgang"]
[Black "Willich, Manfred"]
[Result "1-0"]
[WhiteElo "2171"]
[BlackElo "1981"]
[PlyCount "69"]
[EventDate "2013.??.??"]
[WhiteTeam "SC Friesen Lichtenberg e.V."]
[BlackTeam "SK Turm Bad Hersfeld"]

1. c4 c5 2. Nc3 Nc6 3. g3 g6 4. Bg2 Bg7 5. Rb1 e6 6. a3 a5 7. Nh3 Nge7 8. O-O
O-O 9. Nb5 d5 10. d3 e5 11. cxd5 Nxd5 12. Ng5 Nce7 13. Qc2 b6 14. Bd2 Qd7 15.
Qc4 Bb7 16. Rfc1 h6 17. Ne4 Bc6 18. Nbc3 f5 19. Nxc5 bxc5 20. e4 Rad8 21. Nxd5
Nxd5 22. Bxa5 Bb5 23. Qb3 Rde8 24. Be1 c4 25. dxc4 Ba4 26. Qa2 Nc7 27. exf5 Rb8
28. b4 gxf5 29. b5 Kh8 30. Bc6 Qd3 31. Qd2 Rbd8 32. Qa5 Bc2 33. Rb2 Ne6 34.
Rbxc2 Nd4 35. Rd2 1-0

[Event "12. Lichtenberger Sommer"]
[Site "Berlin"]
[Date "2013.08.23"]
[Round "7.48"]
[White "Godoj, Veit"]
[Black "Deutschbein, Christopher"]
[Result "1-0"]
[WhiteElo "2045"]
[BlackElo "2003"]
[PlyCount "65"]
[EventDate "2013.??.??"]
[WhiteTeam "SV Königsjäger Süd-West e.V."]
[BlackTeam "Bille SC von 1924 e.V."]

1. d4 d5 2. Nf3 Nf6 3. Nc3 g6 4. Bf4 Bg7 5. e3 O-O 6. Be2 c6 7. h4 Bg4 8. Ne5
Bxe2 9. Qxe2 Nbd7 10. O-O-O Nxe5 11. Bxe5 Qa5 12. h5 b5 13. hxg6 fxg6 14. f3 b4
15. Nb1 c5 16. dxc5 Qxc5 17. Nd2 Rfd8 18. Nb3 Qb6 19. g4 Ne8 20. Bxg7 Kxg7 21.
Qh2 Qxe3+ 22. Kb1 Kf7 23. Rhe1 Qg5 24. Qxh7+ Ng7 25. f4 Qxg4 26. Rxe7+ Kxe7 27.
Qxg7+ Kd6 28. Qe5+ Kc6 29. Nd4+ Kb7 30. Qe7+ Rd7 31. Qxb4+ Kc8 32. Rh1 Qxf4 33.
Rh8+ 1-0

[Event "12. Lichtenberger Sommer"]
[Site "Berlin"]
[Date "2013.08.23"]
[Round "7.49"]
[White "Sabrowski, Uwe"]
[Black "Ritter, Uwe"]
[Result "1-0"]
[WhiteElo "2114"]
[BlackElo "1991"]
[PlyCount "51"]
[EventDate "2013.??.??"]
[WhiteTeam "SC Friesen Lichtenberg e.V."]
[BlackTeam "Reideburger SV 90 Halle"]

1. d4 e6 2. e4 d5 3. Nd2 dxe4 4. Nxe4 Bd7 5. Bd3 Bc6 6. Nf3 Nf6 7. Ng3 Nbd7 8.
O-O Bd6 9. c4 Bxf3 10. Qxf3 c6 11. Be3 O-O 12. Ne4 Be7 13. Rad1 Re8 14. Ng5 g6
15. Bf4 Nh5 16. Bc7 Bxg5 17. Bxd8 Raxd8 18. Rfe1 Nb6 19. b3 Rd7 20. Re5 f6 21.
Ra5 a6 22. h4 Bxh4 23. Rxh5 gxh5 24. Qxh5 Bxf2+ 25. Kxf2 Ree7 26. Rh1 1-0

[Event "12. Lichtenberger Sommer"]
[Site "Berlin"]
[Date "2013.08.23"]
[Round "7.50"]
[White "Zschäbitz, Klaus"]
[Black "Mc Aleenan, Charles"]
[Result "1/2-1/2"]
[WhiteElo "2024"]
[BlackElo "1782"]
[PlyCount "141"]
[EventDate "2013.??.??"]
[WhiteTeam "BSG 1827 Eckbauer e.V."]
[BlackTeam "Athenaeum Chess Club London"]

1. c4 d6 2. g3 e5 3. Nc3 f5 4. Bg2 Nf6 5. d3 Be7 6. e4 fxe4 7. dxe4 O-O 8. Nge2
Qe8 9. Nd5 Bd8 10. O-O Nbd7 11. b4 a5 12. b5 Kh8 13. f3 c6 14. Ne3 Qe6 15. Nf5
Bb6+ 16. Kh1 Bc5 17. Qd3 Nb6 18. Be3 Qxc4 19. Qxc4 Nxc4 20. Bxc5 dxc5 21. bxc6
Bxf5 22. cxb7 Rab8 23. exf5 Rxb7 24. Rfc1 Ne3 25. Rxc5 Rb2 26. Re1 Nc2 27. Rg1
Rxa2 28. Nc1 Rb2 29. Rxa5 Ne3 30. Rxe5 Nxg2 31. Rxg2 Rb1 32. Rg1 Rc8 33. Nd3
Rb3 34. Ne1 Rc1 35. Re2 Rbb1 36. Kg2 h5 37. h3 Nd5 38. Kf2 Nb4 39. Rg2 Rxe1 40.
Rxe1 Nd3+ 41. Ke2 Nxe1 42. Rg1 Rb5 43. Rxe1 Rxf5 44. Ra1 Kg8 45. Ke3 Kf7 46.
Ra6 g6 47. Ra7+ Kf6 48. h4 Rb5 49. Rd7 Rb4 50. Rd4 Rb5 51. g4 hxg4 52. Rxg4
Rb3+ 53. Kf4 Rb4+ 54. Kg3 Rb5 55. Rf4+ Kg7 56. Kg4 Ra5 57. Re4 Rf5 58. f4 Rb5
59. Re5 Rb1 60. h5 gxh5+ 61. Kxh5 Kf6 62. Kg4 Rg1+ 63. Kf3 Rf1+ 64. Kg3 Rg1+
65. Kf2 Rg4 66. Re4 Rh4 67. Kg3 Rh1 68. Re8 Rh7 69. Kf3 Rh1 70. Rf8+ Ke7 71.
Ra8 1/2-1/2

[Event "12. Lichtenberger Sommer"]
[Site "Berlin"]
[Date "2013.08.23"]
[Round "7.51"]
[White "Getzuhn, Detlef"]
[Black "Shapiro, Yosip"]
[Result "0-1"]
[WhiteElo "1903"]
[BlackElo "2112"]
[PlyCount "55"]
[EventDate "2013.??.??"]
[WhiteTeam "SV Senat"]
[BlackTeam "SV Berolina Mitte e.V."]

1. e4 c6 2. d4 d5 3. Nd2 dxe4 4. Nxe4 Nd7 5. Nf3 Ndf6 6. Ng3 g6 7. Be2 Nh6 8.
O-O Bg7 9. c3 Nf5 10. Nxf5 Bxf5 11. Nh4 Bd7 12. Nf3 O-O 13. Qb3 Qc7 14. Bg5 Be6
15. Qc2 Nd5 16. Rfe1 h6 17. Bh4 Bf5 18. Bd3 e6 19. Bxf5 exf5 20. c4 Nf6 21.
Bxf6 Bxf6 22. Rad1 Rae8 23. Rxe8 Rxe8 24. d5 cxd5 25. Rxd5 Re4 26. b3 Qe7 27.
g3 Kg7 28. Kg2 0-1

[Event "12. Lichtenberger Sommer"]
[Site "Berlin"]
[Date "2013.08.23"]
[Round "7.52"]
[White "Salz, Matthias"]
[Black "Costello, Colin"]
[Result "1/2-1/2"]
[WhiteElo "1698"]
[BlackElo "1931"]
[PlyCount "124"]
[EventDate "2013.??.??"]
[WhiteTeam "SV Empor Berlin e.V."]
[BlackTeam "SC Weisse Dame e.V."]

1. c4 e6 2. g3 d5 3. Bg2 Nf6 4. Nf3 c5 5. O-O Nc6 6. b3 Be7 7. Bb2 O-O 8. e3 b6
9. Nc3 Bb7 10. cxd5 exd5 11. d4 Re8 12. Rc1 Rc8 13. Qd3 Nb4 14. Qe2 Ba6 15. Nb5
Nxa2 16. Ra1 Qd7 17. Bh3 Bxb5 18. Bxd7 Bxe2 19. Bxc8 Rxc8 20. Rxa2 Bxf1 21.
Kxf1 a5 22. dxc5 Bxc5 23. Bxf6 gxf6 24. Rd2 Rd8 25. Nd4 Kf8 26. e4 Bxd4 27.
Rxd4 Ke7 28. exd5 Kd6 29. Rh4 Rh8 30. Rh6 Kxd5 31. Rxf6 Kc5 32. Rxf7 Kb4 33.
Rb7 b5 34. f4 Rf8 35. Kf2 Rf5 36. Ra7 Rc5 37. g4 Rc2+ 38. Kf3 Rc3+ 39. Ke4 Rxb3
40. Rxh7 a4 41. g5 a3 42. g6 a2 43. Ra7 Ra3 44. Rxa3 Kxa3 45. g7 a1=Q 46. g8=Q
Qh1+ 47. Kd4 Qxh2 48. Qf8+ b4 49. f5 Qf4+ 50. Kd5 Ka2 51. f6 Qf3+ 52. Ke5 Qe3+
53. Kf5 Qf3+ 54. Kg5 Qd5+ 55. Kg6 b3 56. f7 b2 57. Qb8 Qe4+ 58. Kg7 Qg4+ 59.
Kh8 Qh5+ 60. Kg8 Qg6+ 61. Kh8 Qxf7 62. Qxb2+ Kxb2 1/2-1/2